LEADER 01175nam a2200265 i 4500 001 000000190460 003 CaOOAMICUS 005 20100616000000.0 008 100616s1983 fr u000 u fre u 013 $a168873 020 $a2-7010-1044-6 040 $aSeMil$bita 245 10$aDossier Laberthonnière :$bcorrespondance et textes, (1917-1932) /$cPrésentés par Marie-Thérèse Perrin ; avant-propos d' Henri Gouhier. 260 $aParis :$bBeauchesne,$ccopyr. 1983. 300 $a251 p. ;$c22 cm. 490 0 $aTextes, dossiers, documents ;$v8 700 1 $aGouhier, Henri Gaston,$d<1898-1994>.$0(OLS)http://semarc/name/6695 700 1 $aPerrin, Marie-Thérèse.$0(OLS)http://semarc/name/69426 830 0$aTextes, dossiers, documents ;$v8.$0(OLS)http://semarc/title/113 850 $aSeMil 852 $aSeMil$W1$xVenegono$y1$m2U I 190$j141079$B141079$CSeMilBibl$Z2$F152700 $81 961 $aOmaggio: Altro 996 $6020$a2-7010-1044-6$9(OLS)http://semarc/number/181379 996 $6245$aDossier Laberthonnière :$bcorrespondance et textes, (1917-1932)$9(OLS)http://semarc/title/274383 996 $6260$aParis :$bBeauchesne$9(OLS)http://semarc/publisher/29638 LEADER 00951nas a2200229 i 4500 001 000000162879 003 CaOOAMICUS 005 20070711000000.0 008 070711b1989 it uu u0 0ita r 013 $a140243 040 $aSeMil$bita 245 10$a1989 :$bGiugno. 260 $aMilano :$bAssociazione Milanese "Amici don Giuseppe De Luca",$ccopyr. 1989. 260 $aMilano :$bEd. Del Drago,$ccopyr. 1989. 300 $a218 p. ;$c27 cm + [1] c. di Errata Corrige. 773 0 $t"Bailamme".$dMilano : Ed. Del Drago, 1987-2002.$w()1964 850 $aSeMil 852 $aSeMil$W1$xVenegono$y1$m240 2 4$j114204$B114204$CSeMilBibl$Z2$F125056 $85 961 $aLascito: Colombo mons. Giuseppe 996 $6245$a1989 :$bGiugno$9(OLS)http://semarc/title/232376 996 $6260$aMilano :$bEd. Del Drago$9(OLS)http://semarc/publisher/30478 996 $6260$aMilano :$bAssociazione Milanese "Amici don Giuseppe De Luca"$9(OLS)http://semarc/publisher/30479